| 000 | 00718cam a2200205 4500 | ||
|---|---|---|---|
| 001 | WB3639-40 | ||
| 008 | 000000n2000 000 0 eng u | ||
| 035 | _a(Sirsi) u108636 | ||
| 245 | _aAid for farmers seeking planning advice | ||
| 260 | _c2000 | ||
| 490 |
_aRICS Press Release _v(114) 3 October 2000, (2) |
||
| 520 | _aMAFF is working with the RICS and other professional institutions to design a system to assist farmers with the cost of seeking professional advice on planning for diversification. | ||
| 590 | _aWB | ||
| 650 | _aRURAL ENTERPRISE SCHEME | ||
| 650 | _aMAFF | ||
| 650 | _aFARMI DIVERSIFICATION | ||
| 650 | _aPLANNING CONSULTANCY | ||
| 690 | _aRURAL-FARM BUSINESS MANAGEMENT | ||
| 942 | _n0 | ||
| 999 |
_c64859 _d64859 |
||